000 00325nam a2200133 i 4500
001 bg
100 1 _aSKOROCHOD, A. V.
245 0 _aIntegrirovanie v gil'bertovom prostranstvie /
_cA.V. Skorochod.
260 _aMoskva,
_c1975.
040 _cBPK
041 _apol
942 _cKS
008 s pl f |000 0 pol
999 _c26983
_d26983